Inside deep learning : (Record no. 30648)
[ view plain ]
| 000 -LEADER | |
|---|---|
| fixed length control field | 01329cam a2200373 i 4500 |
| 001 - CONTROL NUMBER | |
| control field | 22631686 |
| 003 - CONTROL NUMBER IDENTIFIER | |
| control field | EG-ScBUE |
| 005 - DATE AND TIME OF LATEST TRANSACTION | |
| control field | 20240208132200.0 |
| 008 - FIXED-LENGTH DATA ELEMENTS--GENERAL INFORMATION | |
| fixed length control field | 220603s2022 nyua f 001 0 eng d |
| 020 ## - INTERNATIONAL STANDARD BOOK NUMBER | |
| International Standard Book Number | 9781617298639 |
| 035 ## - SYSTEM CONTROL NUMBER | |
| System control number | (OCoLC)on1268139167 |
| 040 ## - CATALOGING SOURCE | |
| Original cataloging agency | UKMGB |
| Language of cataloging | eng |
| Description conventions | rda |
| Transcribing agency | UKMGB |
| Modifying agency | OCLCO |
| -- | BDX |
| -- | OCLCF |
| -- | DLC |
| -- | EG-ScBUE |
| 041 1# - LANGUAGE CODE | |
| Language code of text/sound track or separate title | eng |
| Language code of summary or abstract/overprinted title or subtitle | eng |
| 082 04 - DEWEY DECIMAL CLASSIFICATION NUMBER | |
| Classification number | 006.31 |
| Edition number | 22 |
| Item number | RAF |
| 100 1# - MAIN ENTRY--PERSONAL NAME | |
| Personal name | Raff, Edward, |
| Relator term | author. |
| 245 10 - TITLE STATEMENT | |
| Title | Inside deep learning : |
| Remainder of title | math, algorithms, models / |
| Statement of responsibility, etc | Edward Raff ; foreword by Kirk Borne. |
| 264 #1 - PUBLICATION, DISTRIBUTION, ETC. (IMPRINT) | |
| Place of publication, distribution, etc | Shelter Island, NY : |
| Name of publisher, distributor, etc | Manning Publications, |
| Date of publication, distribution, etc | 2022. |
| 300 ## - PHYSICAL DESCRIPTION | |
| Extent | 565 pages : |
| Other physical details | illustrations (some color) ; |
| Dimensions | 24 cm. |
| 336 ## - CONTENT TYPE | |
| Content type term | text |
| Source | rdacontent |
| Content type code | txt |
| 337 ## - MEDIA TYPE | |
| Media type term | unmediated |
| Source | rdamedia |
| Media type code | n |
| 338 ## - CARRIER TYPE | |
| Carrier type term | volume |
| Source | rdacarrier |
| Carrier type code | nc |
| 490 0# - SERIES STATEMENT | |
| Series statement | Using pytorch and google colab |
| 500 ## - GENERAL NOTE | |
| General note | Includes index.<br/> |
| 500 ## - GENERAL NOTE | |
| General note | Includes appendix.<br/> |
| 546 ## - LANGUAGE NOTE | |
| Language note | Text in English ; summary in English. |
| 650 #7 - SUBJECT ADDED ENTRY--TOPICAL TERM | |
| Topical term or geographic name as entry element | Machine learning. |
| Source of heading or term | BUEsh |
| 650 #7 - SUBJECT ADDED ENTRY--TOPICAL TERM | |
| Topical term or geographic name as entry element | Artificial intelligence. |
| Source of heading or term | BUEsh |
| 650 #7 - SUBJECT ADDED ENTRY--TOPICAL TERM | |
| Topical term or geographic name as entry element | Python (Computer program language) |
| Source of heading or term | BUEsh |
| 653 ## - INDEX TERM--UNCONTROLLED | |
| Arrived date list | February2024 |
| Resource For college | Informatics and Computer Science |
| 655 ## - INDEX TERM--GENRE/FORM | |
| Form subdivision | Reading book |
| 906 ## - LOCAL DATA ELEMENT F, LDF (RLIN) | |
| a | 7 |
| b | cbc |
| c | copycat |
| d | 2 |
| e | ncip |
| f | 20 |
| g | y-gencatlg |
| 942 ## - ADDED ENTRY ELEMENTS (KOHA) | |
| Source of classification or shelving scheme | Dewey Decimal Classification |
| Koha item type | Book - Borrowing |
| Withdrawn status | Lost status | Source of classification or shelving scheme | Damaged status | Not for loan | Collection code | Home library | Current library | Shelving location | Date acquired | Source of acquisition | Cost, normal purchase price | Serial Enumeration / chronology | Total Checkouts | Total Renewals | Full call number | Barcode | Date last seen | Date checked out | Cost, replacement price | Price effective from | Koha item type |
|---|---|---|---|---|---|---|---|---|---|---|---|---|---|---|---|---|---|---|---|---|---|
| Dewey Decimal Classification | Baccah | Central Library | Central Library | Lower Floor | 08/02/2024 | Purchase | 1915.00 | 38036 | 1 | 24 | 006.31 RAF | 000056994 | 01/04/2026 | 23/09/2025 | 2394.00 | 08/02/2024 | Book - Borrowing |